000 00556nam a2200181 4500
999 _c189769
_d189769
005 20220712151435.0
010 _aENG-133484
020 _a9788192449982
_c500.00
035 _aEN-117016
037 _bDBAD/PUB
082 _a300
100 _aShankar, Gauri
245 _aPace Of Life:
_bStatistical Analysis of Death-Schedule Of Life/
_cGauri Shankar
260 _aRaipur
_bVaibhav Prakashan
_c2015
270 _aAminpara Chowk, Purani Basti
_bRaipur
_e492001
300 _avii, 210p.
_bIndex
_c21cm(pbk)
942 _2ddc
_cEN
_h300
_mSHA